000 01503nam0a2200313 i 4500
001 RU\NLR\BIBL_A\011199523
005 20260406133146.0
010 _a9785235038943
_93000
021 _aRU
_b2016-60156
_93817
035 _a(NLR Aleph) 011199523
090 _a11913045
_c11913045
100 _a20160823d2016 u y0rusy50 ca
101 0 _arus
102 _aRU
105 _aach z 001zb
200 1 _aВалентин Распутин
_fАндрей Румянцев
210 _aМосква
_cМолодая гвардия
_d2016
215 _a446, [1] с., [16] л. ил., портр.
_d21
225 1 _aЖизнь замечательных людей
_eсерия биографий
_fОснована в 1890 году Ф. Павленковым и продолжена в 1933 году М. Горьким
_vвып. 1779 (1579)
320 _aБиблиогр.: с. 440-442
333 _a16+
600 1 _aРаспутин
_bВ. Г.
_f1937 - 2015
_gВалентин Григорьевич
_xБиография
_92293976
_3RU\NLR\AUTH\6601600929
686 1 _aШ5(2=Р)7-4Распутин
700 1 _7ca
_8rus
_aРумянцев
_bА. Г.
_cписатель, поэт
_f1938-
_gАндрей Григорьевич
_9186009
_3RU\NLR\AUTH\770186060
702 1 _4570
_7ca
_8rus
_aРаспутин
_bВ. Г.
_cписатель
_f1937-2015
_gВалентин Григорьевич
_9112025
_3RU\NLR\AUTH\772008
942 _cBOOK
980 _aNBR